|
|
|
|
| LEADER |
00000nab a2200000 ar4500 |
| 001 |
vtls008959137 |
| 003 |
SK-MaSNL |
| 005 |
20260303071034.0 |
| 008 |
070327c2007 xo mr|p|||||||000 b|slo |
| 015 |
|
|
|a SNBRB2007/03
|2 snkbucl
|
| 038 |
|
|
|a SNKBUCL
|
| 040 |
|
|
|a SNKBUCL
|b slo
|c SNKBUCL
|e AACR2
|
| 041 |
0 |
|
|a slo
|
| 044 |
|
|
|a xo
|c SK
|
| 080 |
|
|
|a 662.754/.758
|2 2001
|
| 080 |
|
|
|a 662.76
|2 2001
|
| 080 |
|
|
|a 628.477
|2 2001
|
| 100 |
1 |
|
|a Marianyi, Peter,
|d 1953-
|4 aut
|9 211540
|
| 245 |
1 |
0 |
|a Poklady na skládkach
|c Peter Marianyi
|
| 300 |
|
|
|b Sch.
|
| 610 |
2 |
7 |
|a Holcim (Slovensko)
|2 snkbucl
|9 858316
|
| 650 |
0 |
7 |
|a alternatívne motorové palivá
|2 snkbucl
|9 83897
|
| 650 |
0 |
7 |
|a odpad
|2 snkbucl
|9 14223
|
| 773 |
0 |
|
|t Revue priemyslu
|g Č. 2 (2007), s. 60-[61]
|x 1336-9857
|
| 852 |
|
|
|a SNK
|b KIS3GCP
|
| 999 |
|
|
|c 1758042
|d 1759972
|